Statistics for ATP Top 50 Rankings

Click here to take the quiz!

General Stats

  • This quiz has been taken 74 times
  • The average score is 34 of 50

Answer Stats

RankingNationalityAnswer% Correct
3SerbiaDjokovic
100%
4SpainNadal
100%
1RussiaMedvedev
98%
6GreeceTsitsipas
98%
2GermanyZverev
97%
5NorwayRuud
95%
7SpainAlcaraz
93%
8RussiaRublev
90%
10ItalyBerrettini
87%
17CroatiaCilic
83%
12PolandHurkacz
83%
15CanadaShapovalov
83%
13ItalySinner
83%
9CanadaAuger Aliassime
80%
16ArgentinaSchwartzman
80%
11UKNorrie
78%
14USAFritz
77%
22BulgariaDimitrov
75%
39BelgiumGoffin
73%
26USAIsner
73%
27USATiafoe
73%
23RussiaKhachanov
72%
24FranceMonfils
72%
37KazakhstanBublik
70%
47UKMurray
70%
32ItalySonego
70%
20SpainBautista Agut
68%
25GeorgiaBasilashvili
67%
28DenmarkRune
67%
21AustraliaDe Minaur
65%
31UKEvans
65%
43ChileGarin
65%
19SpainCarreño Busta
63%
29NetherlandsVan de Zandschulp
62%
36South AfricaHarris
60%
18USAOpelka
57%
35USAPaul
57%
38RussiaKaratsev
55%
30SerbiaKecmanovic
55%
46ArgentinaCerundolo
52%
42BelarusIvashka
50%
40SpainRamos Vinolas
43%
34ArgentinaBaez
42%
44SpainDavidovich Fokina
42%
50FranceHumbert
42%
48SerbiaKrajinovic
42%
41USAKorda
37%
45SlovakiaMolcan
37%
33USABrooksby
32%
49SpainMartinez
28%

Score Distribution

Percentile by Number Answered

Percent of People with Each Score

Your Score History

You have not taken this quiz